| 000 | 01034nam a22001697a 4500 | ||
|---|---|---|---|
| 999 |
_c7669 _d7669 |
||
| 020 | _a9789988755157 | ||
| 050 |
_aBR1463.G5 _b. F71 |
||
| 100 | _a Foli, Richard | ||
| 245 |
_aChristianity in Ghana : _ba comparative church growth study _c Richard Foli ; foreword by Elom Dovlo. |
||
| 260 |
_aAccra, Ghana : _bTrust Publishers, _c2006 |
||
| 300 |
_axvi, 317 pages : _b illustrations, map ; _c 23 cm |
||
| 505 | _a Contents: 1. Introduction -- PART ONE. THE GHANAIAN CHURCH: HISTORY AND TYPOLOGY -- 2. The Ghanaian church in retrospect -- 3. The Ghanaian church today -- PART TWO. MEMBERSHIP TRENDS -- 4. Towards a growing Ghanaian church -- 5. Membership trends -- 6. Growth in number of churches/church attendance -- PART THREE. THE FUTURE OF THE CHURCH IN PERSPECTIVE -- 7. Hindrances to growth -- 8. The challenge of unreached peoples -- 9. The future of the Ghanaian church. | ||
| 650 | _aChristianity -- Ghana. | ||
| 650 | _a Church growth -- Ghana. | ||
| 650 | _aGhana -- Church history. | ||
| 942 | _cBK | ||